000 00810nam a2200265Ia 4500
003 OSt
005 20220930072451.0
006 a|||||r|||| 00| 0
007 ta
008 220926b |||||||| |||| 00| 0 eng d
024 _a24464
037 _cTheses
040 _aCRL
_cCRL
_beng
041 _2eng
_aeng
100 _aApu Satish
_9529873
110 _aUniversity of Delhi. Faculty of Medical Sciences. Department of Medicine
245 0 _aClinical profile of patients of unstable angina
260 _c1997
300 _a102p.
_ap.
_ccm.
650 _aMEDICINE
700 _a Dr Charanjit Singh Supervisor
_9529874
700 _aUniversity of Delhi. Faculty of Medical Sciences. Department of Medicine
942 _cDIS
_2CC
999 _c863942
_d863942